000 00690cam a2200241 4500500
005 20260405003759.0
041 _afre
042 _adc
100 1 0 _aSorente, Isabelle
_eauthor
245 0 0 _aPeut-on être en accord avec soi-même ?
260 _c2023.
500 _a52
690 _aCohérence
690 _aHarmonie
690 _aHartmut Rosa
690 _aIlaria Gaspari
690 _aIntériorité
690 _aNeuroscience
690 _aPrincipe
690 _aSoi
786 0 _nPhilosophie magazine | 173 | 10 | 2023-10-01 | p. 22-22 | 1951-1787
856 4 1 _uhttps://shs.cairn.info/magazine-philosophie-magazine-2023-10-page-22?lang=fr&redirect-ssocas=7080
999 _c2070774
_d2070774